000 01166cam a2200277 i 4500
003 SA-RiAUC
005 20260211130139.0
008 260205s1997 ku a g 00000 ara c
040 _aSA-JeALM
_bara
_cSA-RiAUC
_erda
043 _aa-ku---
082 0 4 _a252.409538
090 _a252.409538
_bم س ل
100 1 _aالمسلم، كوثر عبدالعزيز
_eمؤلف.
245 1 0 _aبيت الزكاة ومسيرة 25 عاما من العطاء
_cاعداد كوثر عبدالعزيز المسلم ، عمر عبدالقادر عبدالجابر .
246 _aبيت الزكاة ومسيرة خمسة وعشرون عاما من العطاء
250 _aالطبعة الثالثة.
264 1 _aالكويت :
_bبيت الزكاة،
_c2011
300 _a174 صفحة :
_bصور وايضاحات
_c26 سم .
336 _aنص
_btxt
_2rdacontent
_3كتاب
337 _aبدون وسيط
_bn
_2rdamedia
610 2 7 _aبيت الزكاة (الكويت)
_2aucnm
650 7 _aالزكاة
_xإدارة
_2aucsh
700 _aعبدالجابر، عمر عبدالقادر
_eمؤلف
942 _2ddc
_cBOOK
_n0
949 _aSA-JeALM
_d260205
_uosman123
_n1
999 _c14310
_d14310